[Event "3rd Eforie Open"]
[Site "Eforie Nord ROU"]
[Date "2011.06.30"]
[Round "11.1"]
[White "Tiviakov,S"]
[Black "Ogleznev,A"]
[Result "1-0"]
[WhiteElo "2622"]
[BlackElo "2335"]

1.e4 c5 2.Nf3 e6 3.d4 cxd4 4.Nxd4 a6 5.Nc3 Qc7 6.Bd3 Nc6 7.Nxc6 bxc6 8.O-O Nf6
9.Qe2 d6 10.f4 Nd7 11.b3 Be7 12.Ba3 c5 13.Bb2 Bf6 14.e5 dxe5 15.f5 Nb6 16.fxe6 Bxe6
17.Bxa6 O-O 18.Bd3 Be7 19.Nb5 Qd7 20.Qxe5 f6 21.Qh5 f5 22.Rfd1 Qc6 23.c4 Nd7
24.Qe2 Bf6 25.Bxf6 Rxf6 26.Bc2 Nf8 27.Rd6 Qb7 28.Qf2 f4 29.Bd1 Rc8 30.Bf3 Qf7
31.Re1 Kh8 32.Re5 Nd7 33.Rexe6 Rxe6 34.Bd5 Rxd6 35.Nxd6  1-0

[Event "19th Albena Open"]
[Site "Albena BUL"]
[Date "2011.07.01"]
[Round "7.12"]
[White "Kiroski,T"]
[Black "Filip,L"]
[Result "1-0"]
[WhiteElo "2340"]
[BlackElo "2467"]

1.e4 c5 2.Nf3 e6 3.d4 cxd4 4.Nxd4 a6 5.Nc3 Qc7 6.Be3 Bb4 7.Ne2 Nf6 8.a3 Be7
9.Na4 Nc6 10.Nb6 Rb8 11.Nc3 Ne5 12.Be2 Bc5 13.Bxc5 Qxc5 14.Nca4 Qe7 15.f4 Nxe4
16.Qd4 Qh4+ 17.g3 Nxg3 18.hxg3 Qxh1+ 19.Kd2 Qxa1 20.Qxe5 O-O 21.Qxb8 Qg1
22.Nxc8 Kh8 23.b4 d6 24.Qxb7 Qxg3 25.Qf3 Qxf3 26.Bxf3 Rxc8 27.Bb7 Rc7 28.Bxa6 h5
29.b5 Ra7 30.b6 Rxa6 31.b7 Rxa4 32.b8=Q+ Kh7 33.Qxd6 h4 34.c4 h3 35.Qd3+ Kg8
36.Qxh3 Rxc4 37.Qb3 Rc5 38.a4 Rh5 39.Qc3 Rh2+ 40.Kd1  1-0

[Event "6th Dvorkovich Cup"]
[Site "Moscow RUS"]
[Date "2011.07.01"]
[Round "10.12"]
[White "Paramzina,A"]
[Black "Kostitsina,L"]
[Result "1/2-1/2"]
[WhiteElo "1893"]
[BlackElo "2000"]

1.e4 c5 2.Nf3 e6 3.d4 cxd4 4.Nxd4 a6 5.Nc3 Qc7 6.Be3 Nf6 7.a3 b5 8.Bd3 Bb7
9.O-O Be7 10.f4 d6 11.Kh1 Nbd7 12.Nb3 O-O 13.Qe1 Rfe8 14.Qg3 Bf8 15.Rae1 e5
16.fxe5 Rxe5 17.Bd4 Re6 18.Re3 Ne5 19.Qh4 Ng6 20.Qh3 Rae8 21.Bxf6 Rxf6 22.Rxf6 gxf6
23.Nd4 Qc5 24.Nf5 Re5 25.Qg3 d5 26.exd5 Bxd5 27.Rxe5 fxe5 28.h4 h5 29.Ne3 e4
30.Nxe4 Bxe4 31.Bxe4 Bd6 32.Qg5 Qxg5 33.hxg5 Bf4 34.Nd5 Bxg5 35.b3 Bd8 36.c4 bxc4
37.bxc4 Ne5 38.c5 Kf8 39.Kg1 Ke8 40.Kf2 Kd7 41.Ke3 Nc4+ 42.Kd4 Nxa3 43.Nb4 Nb5+
44.Kc4 Nc7 45.Bf5+ Ke7 46.Bc8 a5 47.Nc6+ Ke8 48.Nxa5 Bg5 49.Nb7 Bf4 50.Bf5 Bg3  1/2-1/2

[Event "Karvina Open"]
[Site "Karvina CZE"]
[Date "2011.07.02"]
[Round "1.21"]
[White "Lojek,Marek"]
[Black "Helis,T"]
[Result "0-1"]
[WhiteElo "1680"]
[BlackElo "2232"]

1.e4 c5 2.Nf3 e6 3.d4 cxd4 4.Nxd4 a6 5.Nc3 Qc7 6.Be2 Nf6 7.O-O Bb4 8.Qd3 Nc6
9.f4 Nxd4 10.Be3 Nxe2+ 11.Nxe2 d5 12.exd5 Nxd5 13.Bd2 Bxd2 14.Qxd2 O-O 15.c3 Bd7
16.Kh1 Bb5 17.Rae1 Bxe2 18.Rxe2 Rad8 19.Qc1 Ne7 20.Qe3 Nf5 21.Qf3 Qc6 22.Qf2 Rd3
23.Rd2 Rfd8 24.Rfd1 Rxd2 25.Rxd2 Rxd2 26.Qxd2 Qd5 27.Qxd5 exd5 28.g3 Ne3
29.b3 Kf8 30.Kg1 Ke7 31.h3 Kd6 32.g4 b5  0-1

[Event "TCh-TUR 2011"]
[Site "Konya TUR"]
[Date "2011.07.02"]
[Round "5"]
[White "Kerigan,D"]
[Black "Aydogdu,E"]
[Result "1/2-1/2"]
[WhiteElo "2134"]
[BlackElo "2031"]

1.e4 c5 2.Nf3 e6 3.d4 cxd4 4.Nxd4 a6 5.Nc3 d6 6.Be3 Nf6 7.Qd2 Be7 8.f3 Qc7
9.O-O-O Nbd7 10.g4 Nc5 11.g5 Nh5 12.Be2 g6 13.f4 Ng7 14.f5 exf5 15.exf5 Nxf5
16.Nd5 Qd8 17.Nxf5 Bxf5 18.Bxc5 dxc5 19.Qe3 Be6 20.Nf6+ Bxf6 21.Rxd8+ Bxd8
22.Bc4 O-O 23.Bxe6 fxe6 24.Qxe6+ Kg7 25.Qe5+ Kg8 26.Rd1 Rf7 27.Qe8+ Rf8 28.Qe6+ Rf7
29.h4 Be7 30.c4 Re8 31.Kc2 Kf8 32.Qe5 Bf6 33.Qxc5+ Be7 34.Qd4 Kg8 35.c5 Rf5
36.b4 Bf8 37.Qc4+ Kh8 38.Rf1 Rfe5 39.Rxf8+ Rxf8 40.Qd4 Re8 41.a4 Kg8 42.b5 axb5
43.axb5 R8e6 44.Kd3 Re1 45.Qf4 Kg7 46.Kd4 Rd1+ 47.Kc4 Rd7  1/2-1/2

[Event "TCh-TUR 2011"]
[Site "Konya TUR"]
[Date "2011.07.02"]
[Round "6"]
[White "Odeev,H"]
[Black "Pantsulaia,L"]
[Result "0-1"]
[WhiteElo "2405"]
[BlackElo "2613"]

1.e4 c5 2.Nf3 e6 3.d4 cxd4 4.Nxd4 a6 5.Nc3 b5 6.Bd3 Qb6 7.Nb3 Qc7 8.O-O Bb7
9.f4 b4 10.Ne2 Nf6 11.e5 Nd5 12.Bd2 g5 13.fxg5 Nc6 14.c4 Qb6+ 15.Rf2 Nxe5
16.Nf4 Ne3 17.Bxe3 Qxe3 18.Qe1 Nf3+ 19.gxf3 Qxf4 20.Be4 Bxe4 21.fxe4 Qxg5+
22.Kh1 Qe5 23.Qe2 Rg8 24.Raf1 Rg7 25.Nc1 Bc5 26.Nd3 Qg5 27.h4 Qxh4+ 28.Rh2 Qg5
29.Rh5 Qe3 30.Qxe3 Bxe3 31.Nxb4 Ke7 32.Nc2 Ba7 33.Ne1 Rag8 34.Nf3 Bb8 35.b3 Bc7
36.Rc5 Bf4 37.Rh5 h6 38.Rh4 Rg4 39.Rh5 Be3 40.e5  0-1

[Event "ch-BEL Open"]
[Site "Antwerp BEL"]
[Date "2011.07.03"]
[Round "2.2"]
[White "Sneppe,H"]
[Black "Rooze,J"]
[Result "0-1"]
[WhiteElo "1962"]
[BlackElo "2363"]

1.e4 c5 2.Nf3 e6 3.d4 cxd4 4.Nxd4 a6 5.Nc3 Qc7 6.Be3 Bb4 7.Qd2 Nf6 8.f3 d5
9.exd5 Nxd5 10.Nde2 Nxe3 11.Qxe3 O-O 12.O-O-O Nc6 13.a3 Be7 14.Ng3 b5 15.Bd3 Rb8
16.f4 b4 17.axb4 Nxb4 18.Nh5 g6 19.Ng3 Bc5 20.Qd2 Qb6 21.Na4 Qa5 22.b3 Qxa4  0-1

[Event "FSFMA July"]
[Site "Budapest HUN"]
[Date "2011.07.03"]
[Round "2.5"]
[White "Winkler,St1"]
[Black "Farkas,R"]
[Result "0-1"]
[WhiteElo "1864"]
[BlackElo "2039"]

1.e4 c5 2.Nf3 e6 3.d4 cxd4 4.Nxd4 a6 5.Nc3 Qc7 6.Bd3 Nc6 7.Nxc6 bxc6 8.Qe2 d6
9.O-O Be7 10.Kh1 Nf6 11.f4 Nd7 12.Be3 d5 13.Qg4 g6 14.exd5 exd5 15.Bd4 O-O
16.Qh3 Bc5 17.Qe3 Qd6 18.Rae1 Rb8 19.f5 Bb7 20.fxg6 hxg6 21.Rf3 Bxd4 22.Qxd4 c5
23.Qh4 Kg7 24.Re7 Ne5 25.Rxe5 Qxe5 26.Qf2 d4 27.Ne2 Bxf3 28.Qxf3 Rxb2 29.g3 Rxa2  0-1

[Event "5th Varna Open"]
[Site "Golden Sands BUL"]
[Date "2011.07.03"]
[Round "1.8"]
[White "Filatov,S"]
[Black "Pozharsky,V"]
[Result "0-1"]
[WhiteElo "1699"]
[BlackElo "2399"]

1.e4 c5 2.Nf3 e6 3.d4 cxd4 4.Nxd4 a6 5.Nc3 Qc7 6.Bd3 b5 7.O-O Bb7 8.a3 Nf6
9.Qe2 Bd6 10.h3 Nc6 11.Nb3 Bh2+ 12.Kh1 Bf4 13.Bxf4 Qxf4 14.Nc5 Bc8 15.g3 Qh6
16.Kg2 Nd4 17.Qe3 Qxe3 18.fxe3 Nc6 19.g4 d6 20.Nb3 Ne5 21.Nd4 Bb7 22.Nf3 Nfd7
23.Nxe5 Nxe5 24.Ne2 Rc8 25.Nd4 Nc4 26.Bxc4 Bxe4+ 27.Kg3 Rxc4 28.c3 Ke7 29.Rf2 g6
30.g5 e5 31.Nb3 Bf5 32.Rd1 h6 33.gxh6 Rxh6 34.Rh1 Re4 35.Re2 Reh4 36.Reh2 Be4
37.Rf1 Bd3 38.Re1 f5 39.Nd2 e4 40.Reh1 g5 41.Rf2 Kf6 42.Rfh2 f4+ 43.exf4 gxf4+
44.Kg2 e3  0-1

[Event "Karvina Open"]
[Site "Karvina CZE"]
[Date "2011.07.03"]
[Round "2.25"]
[White "Kostka,Vit"]
[Black "Didi,J"]
[Result "1-0"]
[WhiteElo "1708"]
[BlackElo "2028"]

1.e4 c5 2.Nf3 e6 3.d4 cxd4 4.Nxd4 a6 5.Nc3 Qc7 6.Bd3 Nf6 7.O-O b5 8.a3 Bb7
9.Re1 d6 10.Bd2 Be7 11.Kh1 O-O 12.f4 Nc6 13.Nf3 Na5 14.h3 Nc4 15.Bc1 Rfd8
16.Qe2 Rac8 17.Nd1 d5 18.e5 Ne4 19.Kh2 f6 20.b3 Nb6 21.Bb2 Nd7 22.Nf2 fxe5
23.fxe5 Rf8 24.Ng4 Rf7 25.Rf1 Nf8 26.Rac1 Ng6 27.g3 Rcf8 28.h4 h5 29.Ne3 Bc5
30.Ng2 Bf2 31.Bxe4 Bxg3+ 32.Kxg3 dxe4 33.Ng5 Nxe5 34.Bxe5 Qxe5+ 35.Kh3 Rf5
36.Ne3 Rf3+ 37.Rxf3 exf3 38.Qd3 Rf6 39.Rd1 Bd5 40.c4 bxc4 41.bxc4 Rf4 42.cxd5 Rxh4+
43.Kxh4 Qh2+ 44.Nh3 g5+ 45.Kxh5 Qxh3+ 46.Kxg5  1-0

[Event "9th Niki Open"]
[Site "Nachod CZE"]
[Date "2011.07.03"]
[Round "2.32"]
[White "Jansky,P"]
[Black "Hylkema,R"]
[Result "0-1"]
[WhiteElo "1834"]
[BlackElo "2039"]

1.e4 c5 2.Nf3 e6 3.d4 cxd4 4.Nxd4 a6 5.Nc3 b5 6.a3 Bb7 7.Be2 Qc7 8.O-O Nf6
9.Bd3 Bc5 10.Nf3 d6 11.Bg5 Nbd7 12.h3 h6 13.Bh4 O-O 14.Nh2 g5 15.Bg3 Ne5
16.Kh1 Nxd3 17.cxd3 e5 18.h4 Kg7 19.Ng4 Nh5 20.Bh2 Kg6 21.Rc1 Qe7 22.Ne3 Bxe3
23.fxe3 gxh4 24.Rf5 Ng7 25.Qg4+ Kh7 26.Rf2 h5 27.Qe2 Qg5 28.Rcf1 f5 29.exf5 Nxf5
30.e4 Ng3+ 31.Bxg3 hxg3 32.Rf7+ Kg6 33.R1f6+ Qxf6 34.Rxf6+ Rxf6 35.Kg1 Rf2
36.Qe3 h4 37.Nd1 Rf6 38.Qe2 Bc8 39.Qc2 Be6 40.Ne3 Rc8 41.Qd2 Rcf8 42.Qc2 Rf2
43.Qd1 h3 44.Nf5 Rxg2+ 45.Kh1 Bxf5 46.exf5+ Kg5 47.Qc1+ Kh5 48.Qc7 Rxf5 49.Qh7+ Kg5
50.Qg7+ Kf4 51.Qh6+ Kf3 52.Qxd6 Rg1+ 53.Kxg1 h2+ 54.Kh1 g2+ 55.Kxh2 Rh5+  0-1

[Event "ch-POR w 2011"]
[Site "Vila Nova de Foz Coa POR"]
[Date "2011.07.03"]
[Round "3.3"]
[White "Albano Jeremias,B"]
[Black "Saraiva,T"]
[Result "0-1"]
[WhiteElo "1951"]
[BlackElo "1963"]

1.e4 c5 2.Nf3 e6 3.d4 cxd4 4.Nxd4 a6 5.Nc3 Qc7 6.Bd3 Nf6 7.O-O Be7 8.Be3 d6
9.a4 b6 10.f4 Nbd7 11.Nb3 Bb7 12.Kh1 Nc5 13.Nxc5 dxc5 14.b3 Rd8 15.Qe2 Qc8
16.e5 Nd5 17.Nxd5 Rxd5 18.c4 Rd8 19.f5 Qc6 20.Rad1 exf5 21.Bxf5 O-O 22.Bf4 Rfe8
23.e6 g6 24.exf7+ Kxf7 25.Bh3 Bf6 26.Qf2 Kg7 27.Rxd8 Rxd8 28.Qe3 Kh8 29.Be5 Rf8
30.Qg5 Kg7 31.Bxf6+ Rxf6 32.Qe5 Qd6 33.Qxf6+ Qxf6 34.Rxf6 Kxf6 35.Kg1 Be4
36.Bc8 a5 37.Ba6 Ke5 38.Kf2 Kd4 39.Bb5 Bc2 40.Ke2 Bxb3 41.Kd2 Bxc4 42.Be8 Be6
43.Bb5 c4 44.Kc2 Bf5+ 45.Kd2 c3+ 46.Kc1 Bd3 47.Bd7 Kc5 48.Be8 Kb4 49.Bd7 Bc4  0-1

[Event "5th Varna Open"]
[Site "Golden Sands BUL"]
[Date "2011.07.04"]
[Round "2"]
[White "Bayramov,E"]
[Black "Filev,G"]
[Result "0-1"]
[WhiteElo "2055"]
[BlackElo "2357"]

1.e4 c5 2.Nf3 e6 3.d4 cxd4 4.Nxd4 a6 5.Nc3 Qc7 6.Bd3 Nf6 7.O-O Bc5 8.Nb3 Be7
9.f4 d6 10.Kh1 Nc6 11.a4 b6 12.Be3 Bb7 13.a5 b5 14.Bb6 Qb8 15.Qe2 Nd7 16.Bg1 Qc7
17.Rf3 g6 18.Rh3 Nc5 19.Nd4 Nxd3 20.cxd3 Nxa5 21.Rc1 Qd7 22.b4 Nc6 23.Nxc6 Bxc6
24.Bd4 f6 25.Nd5 exd5 26.exd5 Bxd5 27.Bxf6 Kf7 28.Rh5 Bxf6 29.Rxd5 Rhe8 30.Qf3 Kg8
31.f5 g5 32.h4 gxh4 33.Qf4 Rac8 34.Rxc8 Qxc8 35.d4 Rd8 36.Qh6 Rf8 37.Rxd6 Qxf5
38.Qd2 Bg5 39.Qa2+ Kh8 40.Rxa6 Qf1+ 41.Kh2 Bf4+ 42.Kh3 Qd3+  0-1

[Event "1st ch-CHN Rapid w Prelim"]
[Site "Hefei CHN"]
[Date "2011.07.04"]
[Round "5.7"]
[White "Wang Yu A"]
[Black "Zhang Xiaowen"]
[Result "1/2-1/2"]
[WhiteElo "2399"]
[BlackElo "2389"]

1.e4 c5 2.Nf3 e6 3.d4 cxd4 4.Nxd4 a6 5.Nc3 b5 6.Bd3 Bb7 7.Qe2 Ne7 8.a4 b4
9.Na2 Nbc6 10.Nxc6 Nxc6 11.O-O Be7 12.Bd2 O-O 13.Rfe1 a5 14.e5 f5 15.exf6 Bxf6
16.c3 bxc3 17.Bxc3 Bxc3 18.Nxc3 Nb4 19.Be4 Bxe4 20.Nxe4 Qb6 21.Rad1 d5 22.Ng5 Rae8
23.Nf3 e5 24.Nxe5 Nc6 25.Nd7 Rxe2 26.Nxb6 Rxb2 27.Nd7 Rd8 28.Rxd5 Rb4 29.Ra1 Re8
30.Kf1 Nd4 31.Rd1 Nb3 32.Nc5 Nxc5 33.Rxc5 Rxa4 34.g3 Re7 35.Rd8+ Kf7 36.Ra8 Ra1+
37.Kg2 a4 38.Rca5 Re4 39.R5a7+ Re7 40.Rxa4 Rxa4 41.Rxa4 Rb7 42.Ra6 Rb2 43.g4 Rb3
44.f3 g5 45.Kg3 Kg7 46.Ra5 h6 47.Rf5 Kg6 48.Ra5 Rc3 49.h3 Rb3 50.Ra6+ Kg7
51.Ra2 Kg6 52.Ra5 Rc3 53.Ra6+ Kg7 54.Ra2 Kg6 55.Rf2 h5 56.gxh5+ Kxh5 57.Ra2 Rc4
58.Ra6 Rb4 59.Kf2 Rh4 60.Ra8 Kg6 61.Kg3 Rb4 62.Rg8+ Kf5 63.Rh8 Kg6 64.Re8 Kf5
65.Re4 Rb5 66.Ra4 Rc5 67.Ra8 Rc4 68.Rf8+ Kg6 69.Re8 Kf5 70.Re4 Rc5 71.h4 gxh4+
72.Rxh4 Kg6 73.Rg4+ Kf6 74.Rf4+ Kg6 75.Rf8 Kg7 76.Ra8 Rc6 77.f4 Kf6 78.Kg4 Rb6
79.Rf8+ Kg7 80.Rf5 Kg6 81.Rg5+ Kf6 82.Rh5 Kg6 83.f5+ Kg7 84.Kg5 Ra6 85.Rh2 Rb6
86.Re2 Ra6 87.Re7+ Kf8 88.Rb7 Rc6  1/2-1/2

[Event "TCh-TUR 2011"]
[Site "Konya TUR"]
[Date "2011.07.04"]
[Round "7"]
[White "Kanli,K"]
[Black "Shimanov,A"]
[Result "0-1"]
[WhiteElo "1919"]
[BlackElo "2583"]

1.e4 c5 2.Nf3 e6 3.d4 cxd4 4.Nxd4 a6 5.Nc3 Qc7 6.Bd3 b5 7.O-O Bb7 8.Qe2 Bc5
9.Nb3 Be7 10.f4 b4 11.Nb1 d6 12.Be3 Nf6 13.N1d2 O-O 14.c3 a5 15.Rfc1 Qd8
16.cxb4 axb4 17.a4 bxa3 18.bxa3 Nc6 19.Nd4 Nxd4 20.Bxd4 Ra4 21.Rc4 Rxc4 22.Bxc4 d5
23.exd5 Nxd5 24.Qf2 Bh4 25.g3 Be7 26.Bf1 Nf6 27.Bb6 Qd6 28.Bg2 Bxg2 29.Kxg2 Ng4
30.Qd4 Qc6+  0-1

[Event "TCh-TUR 2011"]
[Site "Konya TUR"]
[Date "2011.07.04"]
[Round "7"]
[White "Secer,A"]
[Black "Yurtseven,C"]
[Result "1-0"]
[WhiteElo "2329"]
[BlackElo "2330"]

1.e4 c5 2.Nf3 e6 3.d4 cxd4 4.Nxd4 a6 5.Nc3 Qc7 6.Bd3 Nc6 7.Nxc6 dxc6 8.O-O b5
9.a4 b4 10.Nb1 Nf6 11.Nd2 a5 12.Nc4 e5 13.Qf3 Nd7 14.Qg3 f6 15.f4 Ba6 16.Kh1 Bxc4
17.Bxc4 Nc5 18.fxe5 Qxe5 19.Bf4 Qxb2 20.e5 f5 21.Qf3 Rc8 22.Bg5 Qxc2 23.Rac1 Qe4
24.Qxf5 Qxf5 25.Rxf5 Rc7 26.Rd1 Rd7 27.Bf7+  1-0

[Event "ch-BEL"]
[Site "Antwerp BEL"]
[Date "2011.07.05"]
[Round "4.3"]
[White "Beukema,S"]
[Black "Popovic,Pe"]
[Result "1-0"]
[WhiteElo "2209"]
[BlackElo "2489"]

1.e4 c5 2.Nf3 e6 3.d4 cxd4 4.Nxd4 a6 5.Nc3 Qc7 6.Bd3 Nf6 7.O-O Bc5 8.Be3 d6
9.Kh1 e5 10.Nf5 Bxf5 11.exf5 Bxe3 12.fxe3 Nbd7 13.Qf3 Qc6 14.Be4 Nxe4 15.Nxe4 Nf6
16.Nxf6+ gxf6 17.e4 Ke7 18.Rad1 b5 19.c3 Rac8 20.Rd3 h5 21.Rfd1 Rcd8 22.Rd5 Rd7
23.b3 Qb6 24.R5d3 h4 25.Qe2 h3 26.g4 Qc6 27.Qf3 Qa8 28.g5 Rh4 29.gxf6+ Kf8
30.Rd5 Qd8 31.c4 bxc4 32.bxc4 Qxf6 33.c5 Rh6 34.Rxd6 Rxd6 35.cxd6 Qd8 36.d7  1-0

[Event "38th ch-IND w Challengers"]
[Site "Chennai IND"]
[Date "2011.07.05"]
[Round "6"]
[White "Nimmy,A"]
[Black "Nandhidhaa,P"]
[Result "1-0"]
[WhiteElo "2222"]
[BlackElo "2101"]

1.e4 c5 2.Nf3 e6 3.d4 cxd4 4.Nxd4 a6 5.Nc3 Qc7 6.a3 Nf6 7.Be2 d6 8.O-O b6
9.f4 Bb7 10.Bf3 Nbd7 11.Kh1 Be7 12.Qe1 O-O 13.Qg3 Rfd8 14.e5 Ne8 15.f5 Bxf3
16.fxe6 dxe5 17.exd7 Bxg2+ 18.Qxg2 exd4 19.dxe8=Q+ Rxe8 20.Nd5 Qc5 21.b4 Qd6
22.Bf4 Qd8 23.Nc7 Rc8 24.Nxe8 Qxe8 25.Be5  1-0

[Event "Karvina Open"]
[Site "Karvina CZE"]
[Date "2011.07.05"]
[Round "4.4"]
[White "Talla,V"]
[Black "Szotkowski,J"]
[Result "1-0"]
[WhiteElo "2427"]
[BlackElo "1948"]

1.e4 c5 2.Nf3 e6 3.d4 cxd4 4.Nxd4 a6 5.Nc3 b5 6.Bd3 Qb6 7.Nf3 Qc7 8.O-O d6
9.Bd2 Nf6 10.a4 bxa4 11.Rxa4 Bb7 12.Qe2 Be7 13.Rfa1 O-O 14.Nd4 d5 15.exd5 Nxd5
16.Nxd5 Bxd5 17.Bc3 Bf6 18.Nb5 axb5 19.Bxf6 Qf4 20.Rxa8 Bxa8 21.Be5  1-0

[Event "Karvina Open"]
[Site "Karvina CZE"]
[Date "2011.07.05"]
[Round "4.16"]
[White "Sieber,M"]
[Black "Helis,T"]
[Result "1/2-1/2"]
[WhiteElo "2029"]
[BlackElo "2232"]

1.e4 c5 2.Nf3 e6 3.d4 cxd4 4.Nxd4 a6 5.Nc3 Qc7 6.Be2 Nc6 7.O-O Nf6 8.Be3 Bb4
9.Nxc6 dxc6 10.Qd4 Bd6 11.f4 e5 12.Qd2 exf4 13.Bxf4 Bxf4 14.Rxf4 Be6 15.Qe3 Qe5
16.Raf1 O-O-O 17.Qb6 Qd4+ 18.Qxd4 Rxd4 19.b3 Nd7 20.Rd1 Rxd1+ 21.Nxd1 Ne5
22.Kf2 Kd7 23.Ke3 Ke7 24.h3 h5 25.Rf1 h4 26.Nf2 g5 27.Nd3 Nd7 28.a4 c5 29.Nb2 Nf6
30.Bc4 g4 31.Bxe6 fxe6 32.a5 Rg8 33.Nd3 Nd7 34.Rf4 gxh3 35.gxh3 Rg3+ 36.Rf3 Rg5
37.Rf4 Rg3+ 38.Rf3 Rg5  1/2-1/2

[Event "1st Crakow Closed GM"]
[Site "Krakow POL"]
[Date "2011.07.05"]
[Round "3.4"]
[White "Wieczorek,O"]
[Black "Sadzikowski,D"]
[Result "1/2-1/2"]
[WhiteElo "2374"]
[BlackElo "2388"]

1.e4 c5 2.Nf3 e6 3.d4 cxd4 4.Nxd4 a6 5.Nc3 Qc7 6.g3 Bb4 7.Bd2 Nf6 8.Bg2 Nc6
9.Nb3 h5 10.Qe2 d6 11.O-O-O Bxc3 12.Bxc3 e5 13.Qd2 a5 14.Qxd6 Qxd6 15.Rxd6 Ke7
16.Rdd1 h4 17.Nc5 b6 18.Nd3 Bg4 19.Nxe5 Nxe5 20.Bxe5 h3 21.Bxf6+ gxf6 22.Bf1 Bxd1
23.Kxd1 Rad8+ 24.Bd3 b5 25.Ke2 b4 26.b3 Ra8 27.a4 Rac8 28.f4 Rc3 29.Rf1 Rhc8
30.Kd2 Rg8 31.Rf3 Ke6 32.Re3 Rg7 33.Ke2 Rg8 34.Kd1 Kd6 35.Kd2 Ke6 36.Re1 Kd6
37.Re2 Ke6 38.Re3 Kd6 39.Ke2 Rgc8 40.Kd2 Rg8 41.Ke2  1/2-1/2

[Event "Lev Polugaevsky Mem"]
[Site "Samara RUS"]
[Date "2011.07.05"]
[Round "1"]
[White "Tumanyants,Svyatoslav"]
[Black "Zenzera,A"]
[Result "0-1"]
[WhiteElo "1727"]
[BlackElo "2236"]

1.e4 c5 2.Nf3 e6 3.d4 cxd4 4.Nxd4 a6 5.Nc3 Qc7 6.a3 Nf6 7.Be2 b5 8.Bf3 Bb7
9.O-O d6 10.Re1 Nbd7 11.Bg5 Be7 12.Qd2 O-O 13.Re2 Ne5 14.Rae1 h6 15.Bxh6 gxh6
16.Qxh6 Nh7 17.h4 Kh8 18.Re3 Rg8 19.Bh5 Rg7 20.Rh3 Rag8 21.g3 Ng4 22.Bxg4 Rxg4
23.Nf3 R4g6 24.Qf4 Bf6 25.Kg2 Bxc3 26.bxc3 Rg4 27.Qh6 Rxe4 28.Rxe4 Bxe4 29.Qf4 Qb7
30.g4 e5 31.Qg3 Bxf3+  0-1

[Event "Lev Polugaevsky Mem"]
[Site "Samara RUS"]
[Date "2011.07.05"]
[Round "1"]
[White "Glukhov,A2"]
[Black "Yakovich,Yur"]
[Result "0-1"]
[WhiteElo "2072"]
[BlackElo "2539"]

1.e4 c5 2.Nf3 e6 3.d4 cxd4 4.Nxd4 a6 5.Nc3 b5 6.Be2 Bb7 7.O-O d6 8.Re1 Nd7
9.f4 b4 10.Na4 Bxe4 11.Bh5 Bg6 12.f5 Bxh5 13.Nxe6 Ne5 14.Qxh5 Qe7 15.Bg5 Qa7+
16.Be3 Qb7 17.Nxf8 Kxf8 18.Nb6 Nf6 19.Qh4 Rd8 20.Qxb4 Qc6 21.Bd4 Kg8 22.Qb3 h6
23.c3 Kh7 24.Rad1 Rb8 25.a4 Rhe8 26.a5 Re7 27.Rd3 Rbe8  0-1

[Event "6th Polonia Wroclaw Open A"]
[Site "Wroclaw POL"]
[Date "2011.07.05"]
[Round "3"]
[White "Dobrowolski,A"]
[Black "Weichhold,P"]
[Result "1-0"]
[WhiteElo "2306"]
[BlackElo "2336"]

1.e4 c5 2.Nf3 e6 3.d4 cxd4 4.Nxd4 a6 5.Nc3 Qc7 6.Be2 b5 7.O-O b4 8.Na4 Bb7
9.c3 Bd6 10.cxb4 Bxh2+ 11.Kh1 Be5 12.Nc5 Nf6 13.f4 Bxd4 14.Qxd4 Nc6 15.Qc4 O-O
16.e5 Nd5 17.Bd2 f6 18.exf6 Rxf6 19.f5 Ne5 20.Qd4 Nc6 21.Qe4 Re8 22.fxe6 dxe6
23.Bd3 Rg6 24.Nxb7 Qxb7 25.Qh4 Nf6 26.Bxg6 hxg6 27.Bc3 Nh5 28.Rf3 Ne7 29.Qg4 Kh7
30.Qxe6 Rd8 31.Qf7 Rd7 32.Rh3 Ng8 33.Qf3 Qxf3 34.Rxf3 g5 35.Re1 Nh6 36.a4 g4
37.Rfe3 Nf5 38.Re5 Nhg3+ 39.Kg1 Rd3 40.b5 axb5 41.axb5 Rd7 42.b6 Kg6 43.Rc5 Rb7
44.Re6+ Kf7 45.Rc7+  1-0

[Event "ch-BEL Open"]
[Site "Antwerp BEL"]
[Date "2011.07.06"]
[Round "5.2"]
[White "Leenaerts,R"]
[Black "Rooze,J"]
[Result "1/2-1/2"]
[WhiteElo "2186"]
[BlackElo "2363"]

1.e4 c5 2.Nf3 e6 3.d4 cxd4 4.Nxd4 a6 5.Nc3 Qc7 6.Be2 b5 7.Bf3 Bb7 8.O-O Nc6
9.Nxc6 dxc6 10.Qe2 e5 11.Be3 Nf6 12.a4 Bd6 13.g3 O-O 14.Bg2 Rfd8 15.f3 Qe7
16.Qf2 Nd7 17.Rfd1 Nf8 18.f4 Ne6 19.Bh3 b4 20.Ne2 c5 21.Bg2 Nd4 22.Rd2 exf4
23.Bxf4 Nxe2+ 24.Qxe2 Bxf4 25.gxf4 Rxd2 26.Qxd2 Rd8 27.Qe3 Qf6 28.c3 bxc3
29.bxc3 Qc6 30.Rb1 Ba8 31.Qf2 Qxa4 32.Qxc5 Bxe4 33.Qb6 Rd1+ 34.Bf1 h6 35.Rxd1 Qxd1
36.Qe3 Qg4+ 37.Kf2 Qh4+ 38.Qg3 Qxg3+ 39.hxg3 Bb7 40.Ke3 Kf8 41.Kd4 f6 42.Kc5 g5
43.fxg5 fxg5 44.Kb6 Bc8 45.Kc7 Be6 46.Bxa6 h5 47.Kd6 Kf7 48.c4  1/2-1/2

[Event "TCh-TUR 2011"]
[Site "Konya TUR"]
[Date "2011.07.06"]
[Round "10"]
[White "Alev,G"]
[Black "Sanal,S"]
[Result "1-0"]
[WhiteElo "1605"]
[BlackElo "1685"]

1.e4 c5 2.Nf3 e6 3.d4 cxd4 4.Nxd4 a6 5.Nc3 b5 6.a3 Bb7 7.Be2 d6 8.Be3 Nf6
9.f3 Be7 10.O-O Nbd7 11.Qe1 O-O 12.Kh1 Qc7 13.g4 Nb6 14.Qg3 Rfd8 15.h4 Nfd7
16.g5 Ne5 17.h5 Qd7 18.b3 Rac8 19.Nd1 Qc7 20.g6 hxg6 21.hxg6 Nxg6 22.Nxe6 Qxc2
23.Nxd8 Qxe2 24.Re1 Qd3 25.Nf2 Qxb3 26.Nxb7 Bh4 27.Qh3 Rc3 28.Reb1 Qc4 29.Bxb6 d5
30.Nd6 Qe2 31.Re1 Qd2 32.exd5 Qf4 33.Re8+ Kh7 34.Qf5 Rc1+ 35.Rxc1 Qxc1+ 36.Kg2  1-0

[Event "10th La Fere Open"]
[Site "La Fere FRA"]
[Date "2011.07.06"]
[Round "6.3"]
[White "Forthofer,R"]
[Black "Miezis,N"]
[Result "1/2-1/2"]
[WhiteElo "2274"]
[BlackElo "2520"]

1.e4 c5 2.Nf3 e6 3.d4 cxd4 4.Nxd4 a6 5.Nc3 Qc7 6.Bd3 Nc6 7.Nxc6 dxc6 8.O-O e5
9.f4 Nf6 10.Kh1 h5 11.fxe5 Ng4 12.Bf4 Be6 13.Qe2 O-O-O 14.Bc4 Bc5 15.Bxe6+ fxe6
16.Rad1 Rdf8 17.Bg3 Ne3 18.Rxf8+ Rxf8 19.Re1 Qf7 20.h3 Nf1 21.Bh2 Nxh2 22.Kxh2 Bd4
23.Qd2 Bxe5+ 24.Kg1 Rd8 25.Qg5 Bf4 26.Qc5 Qg6 27.Rd1 Rxd1+ 28.Nxd1 Qxe4 29.Qf8+ Kc7
30.Qxg7+ Kb8 31.Qc3 Be5 32.Qd2 Ka7 33.Nf2 Bd4 34.Kf1 Qh4 35.g3 Qf6 36.c3 Bb6
37.Qf4 Qd8 38.g4 hxg4 39.hxg4 Qh4 40.Kg2 a5 41.Nd3 Qh7 42.Qc4 Bc7 43.Qc5+ Ka8
44.Qf8+ Bb8 45.Qd8 Qe4+ 46.Kf1 b6 47.Qd4 Qh7 48.a4 Kb7 49.b4 e5 50.Qe3 Qh1+
51.Ke2 Qd5 52.g5 e4 53.Nf2 Qc4+ 54.Ke1 axb4 55.Qd4 Qxc3+ 56.Qxc3 bxc3 57.Nxe4 Ka6
58.g6 Be5 59.Nd6 Bh8 60.Kd1 Ka5 61.Kc2 Kxa4 62.Ne8 b5 63.g7 Bxg7 64.Nxg7 b4
65.Ne6 Kb5 66.Nd4+ Kc5 67.Kd3 Kb6 68.Kc4 c5 69.Nb3 c2 70.Kd3 Kb5 71.Kxc2 c4
72.Nd2  1/2-1/2

[Event "10th La Fere Open"]
[Site "La Fere FRA"]
[Date "2011.07.06"]
[Round "6.2"]
[White "Lobzhanidze,D"]
[Black "Mancini,M"]
[Result "1-0"]
[WhiteElo "2483"]
[BlackElo "2213"]

1.e4 c5 2.Nf3 e6 3.d4 cxd4 4.Nxd4 a6 5.Nc3 b5 6.Bd3 Bb7 7.O-O Bc5 8.Nb3 Be7
9.Qe2 d6 10.f4 Nd7 11.a4 b4 12.Nd1 Ngf6 13.Nf2 Qc7 14.Bd2 Nc5 15.Nxc5 dxc5
16.Rae1 O-O 17.b3 Rfd8 18.Bc1 Qb6 19.Kh1 a5 20.Bb2 Ba6 21.Bxf6 Bxf6 22.e5 Bh4
23.g3 Be7 24.Bxa6 Rxa6 25.Rd1 Ra7 26.Rxd8+ Qxd8 27.Rd1 Rd7 28.Rxd7 Qxd7 29.Qd3 Qc6+
30.Qe4 Qxe4+ 31.Nxe4 Kf8 32.Kg2 Ke8 33.Kf3 Kd7 34.Nd2 f5 35.exf6 gxf6 36.Nc4 Bd8
37.g4 f5 38.g5 Kc6 39.h4 Kd5 40.Ke3 Kc6 41.Ne5+ Kd5 42.Kd3 Bc7 43.h5 Bxe5
44.fxe5 Kxe5 45.h6  1-0

[Event "Lev Polugaevsky Mem"]
[Site "Samara RUS"]
[Date "2011.07.06"]
[Round "2"]
[White "Panarin,M"]
[Black "Kolomensky,V"]
[Result "1-0"]
[WhiteElo "2503"]
[BlackElo "2253"]

1.e4 c5 2.Nf3 e6 3.d4 cxd4 4.Nxd4 a6 5.Nc3 b5 6.Bd3 Qb6 7.Be3 Bc5 8.Be2 Nc6
9.Nxc6 Bxe3 10.fxe3 dxc6 11.Qd4 Qxd4 12.exd4 e5 13.d5 Bb7 14.a4 b4 15.dxc6 Bxc6
16.Nd5 Bxd5 17.exd5 Nf6 18.d6 O-O 19.O-O-O Rfd8 20.Rhe1 e4 21.Rd4 a5 22.g4 h6
23.h4 g5 24.hxg5 hxg5 25.Rf1 Kg7 26.Rf5 Kg6 27.d7 Nh7 28.Bc4 f6 29.Bb5 Nf8
30.Rd6 Nh7 31.Re6 Kf7 32.Rxe4 Nf8 33.Rd5 Ng6 34.Bc6 Rab8 35.Rxa5 Ne5 36.Raxe5 fxe5
37.Rxe5  1-0

[Event "ch-POR w 2011"]
[Site "Vila Nova de Foz Coa POR"]
[Date "2011.07.06"]
[Round "6.3"]
[White "Saraiva,T"]
[Black "Oliveira,Maria"]
[Result "1-0"]
[WhiteElo "1963"]
[BlackElo "1850"]

1.e4 c5 2.Nf3 e6 3.d4 cxd4 4.Nxd4 a6 5.Nc3 b5 6.Bd3 Qb6 7.Be3 Bc5 8.Nce2 Nf6
9.O-O Ng4 10.Bc1 O-O 11.c3 Bb7 12.b4 Be7 13.Ng3 Ne5 14.Bc2 d6 15.Kh1 Nbd7
16.f4 Nc4 17.Qh5 Rfd8 18.e5 g6 19.Qh6 dxe5 20.fxe5 Ncxe5 21.Nh5 Bf8 22.Qg5 Bg7
23.Nxg7 Kxg7 24.Bf4 Nc6 25.Qh6+ Kg8 26.Be3 Qc7 27.Rxf7 Kxf7 28.Qxh7+ Kf6
29.Qxg6+ Ke7 30.Qxe6+ Kf8 31.Bh6+  1-0

[Event "ch-BEL Open"]
[Site "Antwerp BEL"]
[Date "2011.07.07"]
[Round "6.2"]
[White "Docx,S"]
[Black "Draftian,A"]
[Result "0-1"]
[WhiteElo "2330"]
[BlackElo "2290"]

1.e4 c5 2.Nf3 e6 3.d4 cxd4 4.Nxd4 a6 5.Nc3 Qc7 6.Bd3 Nf6 7.O-O Nc6 8.Be3 Ne5
9.h3 b5 10.Qe2 Bb7 11.f4 Nxd3 12.cxd3 b4 13.Na4 Qa5 14.b3 Be7 15.f5 O-O 16.Nf3 Qb5
17.Nd4 Qa5 18.Nb2 e5 19.Nf3 d5 20.Nxe5 dxe4 21.d4 Qb5 22.Nbc4 Rad8 23.g4 Nd5
24.g5 Nxe3 25.f6 Bc5 26.dxc5 Nxf1 27.Qf2 e3  0-1